<?xml version="1.0" encoding="UTF-8"?>
<record
    xmlns:xsi="http://www.w3.org/2001/XMLSchema-instance"
    xsi:schemaLocation="http://www.loc.gov/MARC21/slim http://www.loc.gov/standards/marcxml/schema/MARC21slim.xsd"
    xmlns="http://www.loc.gov/MARC21/slim">

  <leader>01122nam a22002417a 4500</leader>
  <datafield tag="999" ind1=" " ind2=" ">
    <subfield code="c">49897</subfield>
    <subfield code="d">49897</subfield>
  </datafield>
  <controlfield tag="005">20170811135607.0</controlfield>
  <controlfield tag="008">140305t        mx ||||| |||| 00| 0 spa d</controlfield>
  <datafield tag="020" ind1=" " ind2=" ">
    <subfield code="a">9686951539</subfield>
  </datafield>
  <datafield tag="050" ind1="0" ind2="4">
    <subfield code="a">F1219 .1 .O11</subfield>
    <subfield code="b">C43 1998</subfield>
  </datafield>
  <datafield tag="100" ind1="1" ind2=" ">
    <subfield code="a">Chance, John K.,</subfield>
    <subfield code="d">[1945-   ]</subfield>
  </datafield>
  <datafield tag="245" ind1="1" ind2="3">
    <subfield code="a">La Conquista de la Sierra : </subfield>
    <subfield code="b">Espa&#xF1;oles e ind&#xED;genas de Oaxaca en la &#xE9;poca de la Colonia /</subfield>
    <subfield code="c">John K. Chance ; tr. Alejandra Vald&#xE9;s Conroy</subfield>
  </datafield>
  <datafield tag="250" ind1=" " ind2=" ">
    <subfield code="a">1a ed.</subfield>
  </datafield>
  <datafield tag="260" ind1=" " ind2=" ">
    <subfield code="a">Oaxaca, Oaxaca,  M&#xE9;xico :</subfield>
    <subfield code="b">Instituto Oaxaque&#xF1;o de las Culturas : </subfield>
    <subfield code="b">Fondo Estatal para la Cultura y las Artes :</subfield>
    <subfield code="b">Centro de Investigaciones y Estudios Superiores en Antropolog&#xED;a, </subfield>
    <subfield code="c">1998</subfield>
  </datafield>
  <datafield tag="300" ind1=" " ind2=" ">
    <subfield code="a">309 p. : </subfield>
    <subfield code="b">il. ; </subfield>
    <subfield code="c">23 cm.</subfield>
  </datafield>
  <datafield tag="490" ind1=" " ind2="0">
    <subfield code="a">DISH&#xC1;</subfield>
  </datafield>
  <datafield tag="490" ind1=" " ind2="0">
    <subfield code="a">Colecci&#xF3;n : Etnohistoria</subfield>
  </datafield>
  <datafield tag="500" ind1=" " ind2=" ">
    <subfield code="a">Traducci&#xF3;n de : Conquest of the sierra spaniards and indians in colonial Oaxaca. </subfield>
  </datafield>
  <datafield tag="504" ind1=" " ind2=" ">
    <subfield code="a">Bibliograf&#xED;a : p. 297-309 e &#xED;ndice </subfield>
  </datafield>
  <datafield tag="650" ind1=" " ind2="7">
    <subfield code="2">LEMB</subfield>
    <subfield code="a">Zapotecas </subfield>
    <subfield code="x">Historia </subfield>
  </datafield>
  <datafield tag="650" ind1=" " ind2="7">
    <subfield code="2">LEMB</subfield>
    <subfield code="a">Indios de M&#xE9;xico </subfield>
    <subfield code="z">M&#xE9;xico </subfield>
    <subfield code="x">Regi&#xF3;n de San Ildefonso Villa Alta </subfield>
    <subfield code="x">Historia </subfield>
  </datafield>
  <datafield tag="651" ind1=" " ind2="7">
    <subfield code="2">LEMB</subfield>
    <subfield code="a">San Ildefonso Villa Alta, Oaxaca</subfield>
    <subfield code="x">Historia </subfield>
    <subfield code="z">M&#xE9;xico </subfield>
  </datafield>
  <datafield tag="700" ind1="1" ind2=" ">
    <subfield code="a">Vald&#xE9;s Conroy, Alejandra,</subfield>
    <subfield code="q">tr. </subfield>
  </datafield>
  <datafield tag="942" ind1=" " ind2=" ">
    <subfield code="2">lcc</subfield>
    <subfield code="c">LIB</subfield>
  </datafield>
  <datafield tag="952" ind1=" " ind2=" ">
    <subfield code="1">0</subfield>
    <subfield code="2">lcc</subfield>
    <subfield code="4">0</subfield>
    <subfield code="7">0</subfield>
    <subfield code="a">LIC-046</subfield>
    <subfield code="b">LIC-046</subfield>
    <subfield code="d">2014-03-05</subfield>
    <subfield code="e">Donaci&#xF3;n </subfield>
    <subfield code="h">LLH000004039</subfield>
    <subfield code="o">F1219.1 .O11 C43 1998</subfield>
    <subfield code="p">LLH000004039</subfield>
    <subfield code="r">2015-01-16 00:00:00</subfield>
    <subfield code="t">C:1</subfield>
    <subfield code="y">LIB</subfield>
    <subfield code="z">General</subfield>
  </datafield>
  <datafield tag="952" ind1=" " ind2=" ">
    <subfield code="1">0</subfield>
    <subfield code="2">lcc</subfield>
    <subfield code="4">0</subfield>
    <subfield code="7">0</subfield>
    <subfield code="a">INV-033</subfield>
    <subfield code="b">INV-033</subfield>
    <subfield code="c">GENERAL</subfield>
    <subfield code="d">2014-07-02</subfield>
    <subfield code="f">1a ed.</subfield>
    <subfield code="i">H</subfield>
    <subfield code="k">CSA</subfield>
    <subfield code="o">F1219  .1 .O11 C43 1998</subfield>
    <subfield code="p">IIH000011967</subfield>
    <subfield code="r">2015-01-16 00:00:00</subfield>
    <subfield code="t">C: 1</subfield>
    <subfield code="y">LIB</subfield>
    <subfield code="z">GENERAL</subfield>
  </datafield>
  <datafield tag="952" ind1=" " ind2=" ">
    <subfield code="1">0</subfield>
    <subfield code="2">lcc</subfield>
    <subfield code="4">0</subfield>
    <subfield code="7">0</subfield>
    <subfield code="a">INV-033</subfield>
    <subfield code="b">INV-033</subfield>
    <subfield code="c">GENERAL</subfield>
    <subfield code="d">2014-07-02</subfield>
    <subfield code="f">1a ed.</subfield>
    <subfield code="i">H</subfield>
    <subfield code="k">CSA</subfield>
    <subfield code="o">F1219 .1 .O11 C43 1998</subfield>
    <subfield code="p">IIH000011968</subfield>
    <subfield code="r">2015-01-16 00:00:00</subfield>
    <subfield code="t">C: 2</subfield>
    <subfield code="y">LIB</subfield>
    <subfield code="z">GENERAL</subfield>
  </datafield>
</record>
